| 000 | 01672cam a2200457 i 4500 | ||
|---|---|---|---|
| 001 | 192954 | ||
| 003 | ES-MaACL | ||
| 005 | 20230921154538.0 | ||
| 007 | ta | ||
| 008 | 230712s2019||||fr gr 000 0 fre d | ||
| 017 |
_aDLE-20190509-29533 _bFR |
||
| 020 |
_a9782228923552 (br) _c11 EUR |
||
| 024 | 3 | _a9782228923552 | |
| 035 | _a(OCoLC)1111591016 | ||
| 035 | _a237305143 | ||
| 035 |
_aFRBNF457244220000007 _zFRBNF45724422 |
||
| 035 | _aALP666446 | ||
| 040 |
_aABES _bfre _eAFNOR _cES-MaACL |
||
| 041 | 1 | _2639-2 | |
| 082 | 0 |
_a891.620 949 2 _223 |
|
| 084 |
_a920. _2Cadre de classement de la Bibliographie nationale française |
||
| 100 | 1 |
_aO'Crohan, Tomás, _d1856-1937 _9233675 |
|
| 245 | 1 | 2 |
_aL'homme des îles / _cTomás O'Crohan ; traduit de gaélique par Jean Buhler et Una Murphy. |
| 264 | 1 |
_aParis : _bÉditions Payot & Rivages, _cDL 2019. |
|
| 300 |
_a353 p. ; _c17 cm. |
||
| 336 |
_btxt _2rdacontent _aTexto |
||
| 337 |
_bn _2rdamedia _asin mediación |
||
| 337 |
_bn _2isbdmedia _asin mediación |
||
| 338 |
_bnga _2RDAfrCarrier _avolumen |
||
| 490 | 1 |
_aPetite bibliothèque Payot : voyageurs ; _v195 |
|
| 562 | _aExemplaire créé par ITEM – Transition VIRTUA | ||
| 600 | 1 | 7 |
_aO'Crohan, Tomás, _d1856-1937 _2ram _9233675 |
| 700 | 1 |
_aBühler, Jean, _d1919-2017 _9233676 |
|
| 700 | 1 |
_aMurphy, Una _9233677 |
|
| 830 | 0 |
_aPetite bibliothèque Payot (Paris) ; _v195 _9233678 |
|
| 852 |
_aES-MaACL _cDEPOJ _jVAL-404 _bR.154063 _x Legado: Asunción Valero Gancedo _9200257 |
||
| 886 | 2 |
_2unimarc _a181 _ai# _bxxxe## |
|
| 942 |
_n0 _cMONOGRAFIA |
||
| 999 |
_c192954 _d192954 |
||